| 000 | 00413cam a2200157ua 4500 | ||
|---|---|---|---|
| 001 | 9301 | ||
| 008 | 150227n ii |||gr||||Z||||||eng | ||
| 040 | _cMAIN | ||
| 041 | _aeng | ||
| 082 | _a891.433 | ||
| 100 |
_aUpadhayay, Ashok Kumar, _eAuthor. |
||
| 245 | 1 |
_aPioneer manak hindi byakaran tatha rachana _cby Ashok Kumar Upadhayay |
|
| 260 |
_aDelhi: _bDhanpat Rai, _c2007. |
||
| 653 | _aHindi grammar | ||
| 942 | _cBK | ||
| 999 |
_c8368 _d8368 |
||